Comuni della Provincia di Caserta - Statistics

Statistiche generali
  • Questo quiz è stato fatto 206 volte
  • Il punteggio medio è 48 su 104
Statistiche sulle risposte
Comune % Corretto
Caserta
92%
Aversa
90%
Mondragone
87%
Marcianise
82%
Maddaloni
81%
Santa Maria Capua Vetere
78%
Capua
75%
Castel Volturno
75%
Sessa Aurunca
75%
Casagiove
72%
Casapesenna
71%
Casal di Principe
70%
Casapulla
67%
Cellole
66%
San Felice a Cancello
66%
Villa Literno
66%
Casaluce
65%
San Nicola la Strada
65%
Teano
61%
Caianello
58%
Caiazzo
58%
Piedimonte Matese
58%
San Cipriano d'Aversa
58%
Teverola
58%
Vitulazio
58%
Grazzanise
57%
Orta di Atella
55%
Roccamonfina
55%
Recale
54%
Cancello ed Arnone
53%
San Prisco
53%
Santa Maria a Vico
53%
San Tammaro
53%
Valle di Maddaloni
52%
Calvi Risorta
51%
Bellona
49%
Sparanise
49%
Lusciano
48%
San Marco Evangelista
48%
Trentola Ducenta
47%
Curti
46%
Frignano
46%
Francolise
45%
Gricignano di Aversa
45%
Pietramelara
45%
Riardo
45%
Santa Maria la Fossa
45%
Arienzo
43%
Capodrise
43%
Carinaro
43%
Carinola
43%
Sant'Arpino
43%
Pontelatone
42%
Macerata Campania
41%
Parete
41%
Pignataro Maggiore
41%
Villa di Briano
41%
San Marcellino
40%
Vairano Patenora
40%
Baia e Latina
39%
Portico di Caserta
39%
Alvignano
37%
Castello del Matese
37%
Cesa
37%
Gallo Matese
37%
Presenzano
37%
Ailano
36%
Dragoni
36%
Formicola
36%
Pietravairano
36%
San Gregorio Matese
36%
Alife
35%
Capriati a Volturno
35%
Castel di Sasso
35%
Falciano del Massico
35%
Letino
35%
Liberi
35%
Roccaromana
35%
Valle Agricola
35%
Castel Morrone
34%
Cervino
34%
Galluccio
34%
Mignano Monte Lungo
34%
Rocca d'Evandro
34%
Succivo
34%
Castel Campagnano
33%
Giano Vetusto
33%
Gioia Sannitica
33%
Marzano Appio
33%
Pastorano
33%
Conca della Campania
31%
Pratella
31%
Tora e Piccilli
31%
Fontegreca
30%
Rocchetta e Croce
30%
Camigliano
29%
Piana di Monte Verna
29%
Sant'Angelo d'Alife
28%
Prata Sannita
27%
Ruviano
27%
Ciorlano
25%
San Potito Sannitico
25%
San Pietro Infine
24%
Raviscanina
23%
Nessun quiz corrispondente trovato
Distribuzione punteggi
Percentuale di utenti per punteggio
Percentile per numero di risposta
I tuoi punteggi nel tempo
Non hai fatto questo quiz